000 00334nam a2200145Ia 4500
008 230312s9999||||xx |||||||||||||| ||und||
020 _a9789698455231
082 _a891.4
_bJAI-S
100 _aجین فیر لی
245 0 _aشیردریا
260 _bJamhori
_apak
_c2016
300 _a280
650 _aLiterature
942 _cBK
999 _c14901
_d14901